[Event "Biel Master Tournament 2019"]
[Site "Biel"]
[Date "2019.07.22"]
[Round "1.1"]
[White "Raahul V S"]
[Black "Xiong, Jeffery"]
[Result "0-1"]
[WhiteElo "2251"]
[BlackElo "2691"]
[Annotator "TA"]
[PlyCount "64"]
[EventDate "2019.07.20"]
[EventType "swiss"]
[EventCountry "SUI"]
[SourceTitle "playchess.com"]
[Source "ChessBase"]
[SourceQuality "1"]

{[%evp 11,64,0,21,8,17,16,25,14,43,27,45,39,37,12,34,12,30,8,32,0,40,0,9,-15,-2,0,0,0,0,-40,-27,-26,-17,-42,-39,-44,-37,-334,-340,-348,-362,-483,-459,-464,-467,-495,-485,-558,-544,-646,-643,-722,-698,-29977,-29978]} 1. c4 g6 2. Nc3 c5 3. Nf3 Bg7 4. d4 cxd4 5. Nxd4 Nc6 6. e3 Nh6 7. Bd3 {A35: Symmetrical English: 2 Nc3 Nc6 3 Nf3} (7. Nc2 Bxc3+ 8. bxc3 Qa5 9. Bd2 Nf5 10. h4 h5 11. Nd4 Nd6 12. f3 Qe5 13. Kf2 b6 14. Nb5 O-O 15. Nxd6 Qxd6 {0-1 (37) Gonzalez Zamora,J (2544)-Granda Zuniga,J (2663) Tromsoe 2014}) 7... d6 8. O-O O-O 9. Nde2 $146 {White has an edge.} ({Predecessor:} 9. h3 Bd7 10. Re1 f5 11. Rb1 Nf7 12. Bf1 Rc8 13. Qd2 g5 14. b3 g4 15. hxg4 fxg4 {½-½ (50) Belchev,B (2317)-Szymanski,R (2439) ICCF email 2012}) 9... Ng4 10. b3 a6 11. Bb2 Qa5 12. h3 Nf6 13. Rc1 Bd7 14. a3 Rfc8 15. Nd4 Rab8 16. Ne4 Nxd4 17. exd4 Nxe4 18. Bxe4 Qg5 19. Qf3 Qf6 20. Qd3 b5 21. c5 dxc5 22. dxc5 Qxb2 23. Qxd7 {[#] Hoping for c6.} Qe5 24. c6 $2 {[%mdl 8192]} (24. Qd5 $15) 24... Qxe4 $19 25. c7 Ra8 26. Rfd1 {Black must now prevent Qxc8+!} Qe6 27. Qd8+ Bf8 28. b4 Qb3 (28... Rxd8 29. cxd8=R Rxd8 30. Rxd8 $19) 29. Rd3 Qb2 ({Stronger than} 29... Rxd8 30. cxd8=Q (30. Rxb3 $2 {too greedy.} Rdc8 $19) 30... Rxd8 31. Rxb3 $16) 30. Rc6 {[#]} Rxc7 $1 {[%mdl 512]} 31. Qxa8 {Rd8 is the strong threat.} (31. Rxc7 Rxd8) 31... Rxc6 32. Rd8 Qc1+ {Accuracy: White = 18%, Black = 59%.} 0-1

[Event "Biel Master Tournament 2019"]
[Site "Biel"]
[Date "2019.07.22"]
[Round "1.2"]
[White "Nabaty, Tamir"]
[Black "Donchenko, Anatoly"]
[Result "1-0"]
[WhiteElo "2678"]
[BlackElo "2249"]
[Annotator "TA"]
[PlyCount "71"]
[EventDate "2019.07.20"]
[EventType "swiss"]
[EventCountry "SUI"]
[SourceTitle "playchess.com"]
[Source "ChessBase"]
[SourceQuality "1"]

{[%evp 13,71,4,-1,0,4,6,28,6,37,31,44,22,29,30,18,-25,30,33,93,89,78,84,84,93,87,76,85,91,83,86,94,94,93,97,93,100,91,87,91,86,102,100,100,90,98,96,138,139,143,137,141,131,143,101,134,130,400,374,775,751]} 1. d4 d5 2. Nf3 Nf6 3. Bf4 c5 4. e3 e6 5. Nbd2 Nc6 6. c3 Bd6 7. Bg3 O-O 8. Bb5 {D02: 1 d4 d5 2 Nf3 sidelines, including 2...Nf6 3 g3 and 2...Nf6 3 Bf4} Ne7 (8... cxd4 9. exd4 Ne7 10. Bd3 Ng6 11. O-O Bxg3 12. fxg3 b5 13. Qe2 Qb6 14. Ng5 b4 15. Ndf3 h6 {½-½ (34) Naroditsky,D (2616)-Mamedyarov,S (2817) chess.com INT 2019}) 9. Bd3 Qc7 10. Qe2 {White has an edge.} Rb8 $146 ({Predecessor:} 10... Nf5 11. Bxf5 exf5 12. Bxd6 Qxd6 13. dxc5 Qxc5 14. O-O Bd7 15. Nb3 Qc7 {½-½ (45) Ortega,M (2443)-Spraggett,K (2530) Figueira da Foz 2017}) 11. dxc5 Qxc5 12. O-O-O Ng6 13. Bxg6 fxg6 14. e4 {[#] Nb3 is the strong threat.} Nh5 ({Black should try} 14... Bxg3 15. hxg3 b5) 15. Nb3 Qb6 (15... Nf4 $14 16. Bxf4 Bxf4+ 17. Kb1 Qb6) 16. Bxd6 $16 ({Much worse is} 16. exd5 $6 Nf4 $11) 16... Qxd6 17. g3 Qa6 18. Qxa6 bxa6 19. Ne5 Rxf2 20. Nc6 Rb7 21. exd5 exd5 22. Rxd5 Bd7 23. Ne5 Nf6 24. Rd2 Rxd2 25. Nxd2 g5 26. Re1 Ng4 27. Nxd7 Rxd7 {[%mdl 4096] Endgame KRN-KRN} 28. Re2 Kf7 29. Kc2 h5 30. c4 Kf6 31. b4 Ne5 32. c5 g4 33. Re3 Rd4 34. Kc3 Rd8 $2 {[%mdl 8192] [#]} (34... Rd5 $16 {might work better.}) 35. Ne4+ $18 Kf5 $2 (35... Kg6 36. Nd6 Nc6 37. Re6+ Kh7) 36. Nd6+ {Accuracy: White = 86%, Black = 24%.} 1-0

[Event "Biel Master Tournament 2019"]
[Site "Biel"]
[Date "2019.07.22"]
[Round "1.3"]
[White "Baeumer, Lars"]
[Black "Kamsky, Gata"]
[Result "0-1"]
[WhiteElo "2245"]
[BlackElo "2673"]
[Annotator "TA"]
[PlyCount "68"]
[EventDate "2019.07.20"]
[EventType "swiss"]
[EventCountry "SUI"]
[SourceTitle "playchess.com"]
[Source "ChessBase"]
[SourceQuality "1"]

{[%evp 9,68,11,15,-11,0,-22,-20,-20,-14,-20,-14,-22,-19,-15,-14,-45,-24,-24,-45,-45,-44,-48,-37,-106,-88,-91,-93,-87,-72,-82,-77,-135,-135,-106,-135,-105,-115,-170,-159,-152,-134,-224,-220,-206,-224,-341,-302,-264,-236,-395,-397,-630,-631,-614,-620,-854,-718,-1904,-1904,-1311,-1284]} 1. c4 e5 2. Nc3 Nc6 3. Nf3 Bb4 4. Qc2 (4. g3 Nf6 5. Bg2 O-O 6. O-O Re8 7. d3 d6 8. Nd5 Nxd5 9. cxd5 Ne7 10. d4 e4 11. Ng5 h6 12. Nxe4 Nxd5 13. Qb3 c6 14. Nc3 Bxc3 15. bxc3 Rxe2 {½-½ (74) Bartel,M (2609)-Steinberg,N (2518) Batumi 2018}) 4... a5 5. e3 d6 6. a3 $146 {A27: English Opening: Three Knights Variation} ({Predecessor:} 6. Be2 Nge7 7. O-O Bf5 8. Qb3 O-O 9. d4 h6 10. a3 Bxc3 11. Qxc3 exd4 12. Nxd4 Nxd4 13. exd4 {½-½ (45) Liitiainen,E (2177)-Salmensuu,O (2431) Espoo 2001}) 6... Bxc3 7. Qxc3 a4 8. d3 {The position is equal.} Nf6 9. Be2 O-O 10. O-O Bg4 11. Qc2 Re8 12. Rd1 e4 13. dxe4 Nxe4 14. Bd2 Qf6 15. Be1 Nc5 16. Qc3 ({Better is} 16. Rd5 $15) 16... Ne5 {Hoping for ...Ne4.} 17. Nd4 Bxe2 18. Nxe2 Nb3 19. Rab1 Qe6 20. Rd5 (20. Nf4 $142 Qxc4 21. Nd5) 20... c6 $17 21. Nf4 Qf5 $1 $36 {[%cal Rf5b1][%mdl 2048] Black is in control.} 22. Rdd1 {[#]} Na5 $1 23. Qb4 (23. Ne2 $17) 23... Naxc4 $19 24. Qxb7 Rab8 25. Qa7 (25. Qc7 $17) 25... Nxb2 26. Rdc1 {[#]} Rb3 $1 27. Qd4 (27. Ra1 {was worth a try.}) 27... Nbd3 28. Nxd3 Nxd3 ({Worse is} 28... Rxd3 29. Qxa4 h6 30. h3 $11) 29. Rxb3 $2 (29. Qxa4 {only move.} Nxc1 30. Rxc1) 29... axb3 30. Rd1 (30. Bc3 $142 Qxf2+ {[%mdl 64] Double Attack} 31. Kh1) 30... Nxe1 {Black is clearly winning.} 31. Rxe1 Qc2 32. Qxd6 c5 33. Qd1 Qxd1 34. Rxd1 c4 {Accuracy: White = 40%, Black = 88%.} 0-1

[Event "Biel Master Tournament 2019"]
[Site "Biel"]
[Date "2019.07.22"]
[Round "1.4"]
[White "Salem, A.R. Saleh"]
[Black "Zemach, Roee"]
[Result "1-0"]
[WhiteElo "2672"]
[BlackElo "2243"]
[Annotator "TA"]
[PlyCount "73"]
[EventDate "2019.07.20"]
[EventType "swiss"]
[EventCountry "SUI"]
[SourceTitle "playchess.com"]
[Source "ChessBase"]
[SourceQuality "1"]

{[%evp 22,73,27,17,20,17,32,23,33,25,22,16,18,19,26,20,29,34,41,45,45,44,67,53,53,41,42,22,22,32,43,45,54,52,79,77,105,110,97,106,338,329,635,637,710,710,837,501,754,757,746,743,752,752]} 1. Nf3 Nf6 2. c4 e6 3. d4 d5 4. Nc3 Be7 5. Bg5 O-O 6. e3 h6 7. Bh4 b6 8. Rc1 Bb7 9. Be2 Nbd7 10. cxd5 exd5 11. O-O c5 12. Qa4 a6 {D58: Queen's Gambit Declined: Tartakower Defence} 13. dxc5 Nxc5 (13... bxc5 14. Rfd1 Qb6 15. Qb3 Qxb3 16. axb3 Rfd8 17. Bg3 Nf8 18. Ne5 Ne6 19. Bf3 Ng5 20. Na4 Nfe4 21. Bf4 Ne6 22. Nb6 Ra7 23. h3 Nxf4 24. exf4 Nf6 25. Na4 Rc8 26. Nb6 Rd8 27. Na4 Rc8 28. Nb6 {½-½ (28) Jussupow,A (2611)-Oparin,G (2478) Caleta 2013}) 14. Qd1 Re8 {White has an edge.} 15. Rc2 $146 ({Predecessor:} 15. Nd4 Nfe4 16. Bxe7 Qxe7 17. Bf3 Rad8 18. Qc2 Rc8 19. Rfd1 g6 20. Qe2 {1-0 (49) Cvetkovic,S (2430)-Diaz,J (2485) Trnava 1988}) 15... Rc8 16. Nd4 Nfe4 17. Bxe7 Qxe7 18. Bg4 Rcd8 19. Nce2 a5 20. Nf4 g6 21. Be2 Qf6 22. Bb5 Re7 23. b3 Rc7 24. Qe2 Nd6 25. Bd3 Nde4 26. Rfc1 Re7 27. Bb5 Nd6 28. Bc6 Nf5 29. Nxf5 Qxf5 {[#]} 30. Qb5 $1 {[%cal Rb5b6]} Rc8 $2 (30... Ne6 $16) 31. Nxd5 $18 ({Resist} 31. Qxb6 Ne6 $18) 31... Re6 $2 (31... Rd7) 32. Bxb7 {[%mdl 64] Pin. White is clearly winning.} Rb8 33. Bc6 Nd3 34. e4 Nxc1 (34... Rxe4 $142 35. Rd1 Nb4) 35. exf5 Re1+ 36. Qf1 Rxf1+ 37. Kxf1 {Accuracy: White = 80%, Black = 36%.} 1-0

[Event "Biel Master Tournament 2019"]
[Site "Biel"]
[Date "2019.07.22"]
[Round "1.5"]
[White "Dauletova, Gulmira"]
[Black "Jumabayev, Rinat"]
[Result "0-1"]
[WhiteElo "2243"]
[BlackElo "2633"]
[Annotator "TA"]
[PlyCount "124"]
[EventDate "2019.07.20"]
[EventType "swiss"]
[EventCountry "SUI"]
[SourceTitle "playchess.com"]
[Source "ChessBase"]
[SourceQuality "1"]

{[%evp 14,124,55,52,53,53,50,22,15,20,27,25,39,21,17,0,0,0,0,-9,0,0,40,26,31,34,46,17,49,7,7,0,59,0,50,0,56,0,13,0,2,2,2,0,0,0,0,0,0,0,0,0,0,0,0,0,0,0,5,0,0,0,0,0,0,0,0,0,0,0,0,-15,-16,-20,-26,-37,-36,-20,-13,-20,-20,-145,-112,-145,-145,-216,-198,-325,-317,-613,-613,-515,-450,-412,-279,-560,-554,-1405,-1398,-6191,-6137,-29976,-1112,-29980,-29983,-29983,-29984,-29984,-29985,-29985,-29986,-29990,-29982]} 1. e4 c5 2. Nf3 d6 3. d4 cxd4 4. Nxd4 Nf6 5. Nc3 Nc6 6. f3 e6 7. Be3 a6 8. Qd2 h5 {B80: Sicilian Scheveningen: 6 g3 and 6 Be3, including English Attack} 9. Be2 (9. O-O-O Bd7 10. Kb1 Qc7 11. Nxc6 Bxc6 12. Ne2 b5 13. Rg1 Bb7 14. g3 {0-1 (37) Steingrimsson,H (2573)-Jumabayev,R (2605) Batumi 2018}) 9... Bd7 10. a4 (10. h3 {keeps more tension.} Be7 11. O-O O-O 12. Rad1 b5 13. a3) 10... Rc8 $146 {The position is equal.} ({Predecessor:} 10... Qc7 11. O-O Be7 12. Kh1 Ne5 13. f4 Nc4 14. Bxc4 Qxc4 15. e5 {0-1 (36) Corisco Beltran,R (1808)-Quevedo Marin,M (2183) San Sebastian 2010}) 11. Nxc6 Bxc6 12. O-O Be7 13. a5 d5 {[%cal Rd5e4]} 14. exd5 Nxd5 15. Nxd5 Qxd5 16. c4 Qe5 17. Qd4 $36 {[%mdl 2048] White has some pressure.} Qf6 (17... Qxd4 {seems wilder.} 18. Bxd4 f6 19. Rfc1 Bd6 20. Bc3 Ke7) 18. Qxf6 gxf6 19. Rfd1 h4 20. h3 Rh5 21. Bf2 Bb4 22. Be1 Bc5+ (22... Bxe1 $11 23. Rxe1 Kd7) 23. Bf2 (23. Kf1 $14) 23... Be7 24. Be1 Bc5+ $1 25. Bf2 Bb4 26. Be1 Bxe1 27. Rxe1 Rd8 28. Red1 Rxd1+ 29. Bxd1 $11 {[%mdl 4096] Endgame KRB-KRB} f5 30. Be2 f4 31. Kf2 Kd7 32. b4 Kc7 33. Rd1 Bd7 34. Bf1 Rg5 35. Rd4 e5 36. Re4 (36. Rd2 {is interesting.} Rg8 37. Bd3 Ra8 38. Be4 Bc6 39. Bc2) 36... f6 37. Re1 Rg8 38. Rd1 Re8 39. Bd3 f5 40. Re1 Kd6 41. Rd1 {Black must now prevent Bxf5+.} Ke7 42. Rb1 Kf6 43. b5 e4 44. Be2 $1 e3+ 45. Ke1 Rg8 46. bxa6 bxa6 47. Rb6+ (47. c5 $11) 47... Ke5 $17 48. Bf1 Rd8 49. c5 (49. Be2 $17) 49... Ba4 $1 $19 {...Rd1+ is the strong threat.} 50. Rb1 (50. Bxa6 $142 Rd1+ 51. Ke2) 50... Rd2 $1 51. Rc1 $2 (51. Ra1 Bc6 52. Be2) 51... Bc6 52. Ra1 Rf2 53. Ra3 Kd4 54. Rb3 $2 (54. Rd3+ Kxc5 55. Rc3+ {[%mdl 64] Discovered Attack} Kd6 56. Rd3+ Ke5 57. Ra3) 54... Kxc5 55. Bxa6 Rxg2 56. Bf1 Ra2 {( -> ...Ra1+)} 57. Bd3 Rxa5 (57... Bxf3 $142 58. Rb1 Bg2 59. Rc1+ {[#]} Kd4 $1 {[%mdl 512]} 60. Rd1 Ke5 61. Bc4 Rxa5 62. Rd7 f3 63. Kd1 f2 64. Rd8 Bf3+ 65. Kc2 Rc5 $1 {[%mdl 512]} 66. Re8+ Kf4 67. Kb3 Rxc4 $1 {[%mdl 576] Remove Defender, Promotion} 68. Kxc4 f1=Q+ 69. Kc5 Qc1+ 70. Kd4 Qa1+ 71. Kc5 Qc3+ 72. Kd6 Qc6+ {[%mdl 64] Double Attack} 73. Ke7 Qc7+ 74. Kf8 Bd5 75. Re7 Qd8+ 76. Kg7 Qxe7+ 77. Kh8 Qg5 78. Kh7 e2 79. Kh8 Qh6#) 58. Bxf5 Bxf3 {Black mates.} 59. Rb1 Kd4 60. Be6 Rg5 {[%cal Rg5g1]} 61. Bg4 Bxg4 62. Rb4+ Ke5 {Accuracy: White = 32%, Black = 79%.} 0-1

[Event "Biel Master Tournament 2019"]
[Site "Biel"]
[Date "2019.07.22"]
[Round "1.6"]
[White "Iturrizaga Bonelli, Eduardo"]
[Black "Ghazarian, Kirk"]
[Result "1-0"]
[WhiteElo "2625"]
[BlackElo "2243"]
[Annotator "ChessBase"]
[PlyCount "51"]
[EventDate "2019.07.20"]
[EventType "swiss"]
[EventCountry "SUI"]
[SourceTitle "playchess.com"]
[Source "ChessBase"]
[SourceQuality "1"]
[TimeControl "40/5400+30:1800+30"]

1. c4 {[%emt 0:14:28]} e6 {[%emt 0:00:32]} 2. Nf3 {[%emt 0:01:08]} d5 {[%emt 0:00:35]} 3. b3 {[%emt 0:00:24]} Nf6 {[%emt 0:00:46]} 4. Bb2 {[%emt 0:00:06]} c6 {[%emt 0:00:31]} 5. g3 {[%emt 0:00:53]} Nbd7 {[%emt 0:00:33]} 6. Bg2 {[%emt 0:00:08]} Bd6 {[%emt 0:00:57]} 7. d4 {[%emt 0:00:12]} b6 {[%emt 0:04:08]} 8. O-O {[%emt 0:00:12]} O-O {[%emt 0:01:10]} 9. Nc3 {[%emt 0:00:07]} Bb7 {[%emt 0:02:45]} 10. Nd2 {[%emt 0:04:31]} Re8 {[%emt 0:27:21]} 11. e4 {[%emt 0:00:19]} dxe4 {[%emt 0:03:14]} 12. Ndxe4 {[%emt 0:00:05]} Nxe4 {[%emt 0:00:07]} 13. Nxe4 {[%emt 0:00:06]} Bf8 {[%emt 0:00:16]} 14. Qc2 {[%emt 0:06:57]} Rc8 {[%emt 0:11:54]} 15. Rad1 {[%emt 0:00:24]} h6 {[%emt 0:03:00]} 16. f4 {[%emt 0:03:42]} Qc7 {[%emt 0:00:28]} 17. g4 {[%emt 0:01:10]} Rcd8 {[%emt 0:11:13]} 18. h4 {[%emt 0:04:00]} c5 {[%emt 0:04:25]} 19. d5 {[%emt 0:03:36]} exd5 {[%emt 0:00:07]} 20. cxd5 {[%emt 0:00:07]} Ba6 {[%emt 0:01:27]} 21. d6 {[%emt 0:05:30]} Qc8 {[%emt 0:00:27]} 22. Rfe1 {[%emt 0:01:46]} Bb7 {[%emt 0:01:30]} 23. g5 {[%emt 0:01:14]} h5 {[%emt 0:02:27]} 24. g6 {[%emt 0:01:28]} fxg6 {[%emt 0:02:14]} 25. Ng5 {[%emt 0:00:43]} Rxe1+ {[%emt 0:05:00]} 26. Rxe1 {[%emt 0:00:14]} 1-0

[Event "Biel Master Tournament 2019"]
[Site "Biel"]
[Date "2019.07.22"]
[Round "1.7"]
[White "Piasetski, Leon"]
[Black "Martirosyan, Haik M."]
[Result "0-1"]
[WhiteElo "2229"]
[BlackElo "2619"]
[Annotator "ChessBase"]
[PlyCount "70"]
[EventDate "2019.07.20"]
[EventType "swiss"]
[EventCountry "SUI"]
[SourceTitle "playchess.com"]
[Source "ChessBase"]
[SourceQuality "1"]
[TimeControl "40/5400+30:1800+30"]

1. Nf3 {[%emt 0:05:30]} d5 {[%emt 0:00:20]} 2. g3 {[%emt 0:01:48]} Nc6 {[%emt 0:00:41]} 3. Bg2 {[%emt 0:07:40]} e5 {[%emt 0:00:28]} 4. d3 {[%emt 0:00:17]} f6 {[%emt 0:02:11]} 5. Nc3 {[%emt 0:02:47]} Bb4 {[%emt 0:09:51]} 6. a3 {[%emt 0:09:02]} Bxc3+ {[%emt 0:00:44]} 7. bxc3 {[%emt 0:00:06]} Nge7 {[%emt 0:00:23]} 8. Rb1 {[%emt 0:00:23]} b6 {[%emt 0:04:11]} 9. Nd2 {[%emt 0:04:06]} Be6 {[%emt 0:01:25]} 10. e4 {[%emt 0:04:06]} O-O {[%emt 0:00:58]} 11. O-O {[%emt 0:01:08]} Qd7 {[%emt 0:01:33]} 12. exd5 {[%emt 0:09:03]} Nxd5 {[%emt 0:02:28]} 13. Ne4 {[%emt 0:01:21]} Bh3 {[%emt 0:04:21]} 14. Bxh3 {[%emt 0:15:56]} Qxh3 {[%emt 0:00:21]} 15. c4 {[%emt 0:00:06]} Nde7 {[%emt 0:00:46]} 16. f4 {[%emt 0:01:41]} exf4 {[%emt 0:03:29]} 17. Bxf4 {[%emt 0:02:12]} Qd7 {[%emt 0:00:12]} 18. Kh1 {[%emt 0:02:38]} Nd4 {[%emt 0:02:00]} 19. Be3 {[%emt 0:02:09]} Rad8 {[%emt 0:04:28]} 20. Bxd4 {[%emt 0:05:09]} Qxd4 {[%emt 0:00:07]} 21. Qe2 {[%emt 0:00:13]} Qd7 {[%emt 0:02:12]} 22. Rbe1 {[%emt 0:01:47]} Nc6 {[%emt 0:01:29]} 23. Qg2 {[%emt 0:01:46]} Ne5 {[%emt 0:01:43]} 24. Nc3 {[%emt 0:02:57]} c6 {[%emt 0:01:42]} 25. a4 {[%emt 0:02:07]} h6 {[%emt 0:04:19]} 26. a5 {[%emt 0:02:38]} b5 {[%emt 0:02:22]} 27. cxb5 {[%emt 0:00:12]} cxb5 {[%emt 0:00:05]} 28. a6 {[%emt 0:00:35]} b4 {[%emt 0:03:23]} 29. Ne4 {[%emt 0:02:43]} Qc6 {[%emt 0:01:19]} 30. Rb1 {[%emt 0:01:27]} Rd4 {[%emt 0:02:38]} 31. Rf4 {[%emt 0:03:21]} Rfd8 {[%emt 0:02:54]} 32. Nf2 {[%emt 0:03:23]} Qxc2 {[%emt 0:05:29]} 33. Rxb4 {[%emt 0:00:12]} Rxf4 {[%emt 0:01:25]} 34. gxf4 {[%emt 0:00:56]} Nxd3 {[%emt 0:00:35]} 35. Nxd3 {[%emt 0:00:49]} Qxd3 {[%emt 0:00:17]} 0-1

[Event "Biel Master Tournament 2019"]
[Site "Biel"]
[Date "2019.07.22"]
[Round "1.8"]
[White "Donchenko, Alexander"]
[Black "Hill, Alistair"]
[Result "1-0"]
[WhiteElo "2615"]
[BlackElo "2224"]
[Annotator "ChessBase"]
[PlyCount "59"]
[EventDate "2019.07.20"]
[EventType "swiss"]
[EventCountry "SUI"]
[SourceTitle "playchess.com"]
[Source "ChessBase"]
[SourceQuality "1"]
[TimeControl "40/5400+30:1800+30"]

1. d4 {[%emt 0:01:21]} Nf6 {[%emt 0:00:00]} 2. c4 {[%emt 0:00:38]} g6 {[%emt 0:00:07]} 3. g3 {[%emt 0:00:43]} Bg7 {[%emt 0:02:46]} 4. Bg2 {[%emt 0:01:09]} c5 {[%emt 0:01:14]} 5. dxc5 {[%emt 0:00:39]} Na6 {[%emt 0:04:13]} 6. Nc3 {[%emt 0:02:04]} Nxc5 {[%emt 0:01:21]} 7. Nh3 {[%emt 0:02:57]} O-O {[%emt 0:00:31]} 8. O-O {[%emt 0:03:04]} d6 {[%emt 0:01:26]} 9. Nf4 {[%emt 0:04:54]} Nfd7 {[%emt 0:06:59]} 10. Qd2 {[%emt 0:05:55]} a5 {[%emt 0:08:42]} 11. b3 {[%emt 0:09:28]} Ne5 {[%emt 0:10:53]} 12. Ba3 {[%emt 0:03:36]} Nc6 {[%emt 0:14:12]} 13. Rfd1 {[%emt 0:11:40]} Bf5 {[%emt 0:03:35]} 14. Rac1 {[%emt 0:01:40]} Bh6 {[%emt 0:11:08]} 15. e3 {[%emt 0:05:34]} Bg4 {[%emt 0:00:03]} 16. Nfe2 {[%emt 0:03:28]} Nb4 {[%emt 0:06:47]} 17. h3 {[%emt 0:02:17]} Bd7 {[%emt 0:01:51]} 18. Bxb4 {[%emt 0:02:59]} axb4 {[%emt 0:00:03]} 19. Nd5 {[%emt 0:00:07]} Bc6 {[%emt 0:06:36]} 20. Nxb4 {[%emt 0:01:33]} Bxg2 {[%emt 0:00:03]} 21. Kxg2 {[%emt 0:00:06]} Qa5 {[%emt 0:00:30]} 22. Rc2 {[%emt 0:02:57]} Ne4 {[%emt 0:05:38]} 23. Qe1 {[%emt 0:03:04]} Qh5 {[%emt 0:03:31]} 24. Nf4 {[%emt 0:01:15]} Bxf4 {[%emt 0:00:32]} 25. exf4 {[%emt 0:00:06]} f5 {[%emt 0:03:00]} 26. f3 {[%emt 0:02:32]} e5 {[%emt 0:02:27]} 27. fxe4 {[%emt 0:01:55]} exf4 {[%emt 0:00:03]} 28. gxf4 {[%emt 0:00:38]} fxe4 {[%emt 0:00:42]} 29. Qe2 {[%emt 0:00:32]} Qh6 {[%emt 0:01:57]} 30. Nd5 {[%emt 0:00:09]} 1-0

[Event "Biel Master Tournament 2019"]
[Site "Biel"]
[Date "2019.07.22"]
[Round "1.9"]
[White "Lukin, Elisha"]
[Black "Erdos, Viktor"]
[Result "0-1"]
[WhiteElo "2217"]
[BlackElo "2603"]
[Annotator "ChessBase"]
[PlyCount "78"]
[EventDate "2019.07.20"]
[EventType "swiss"]
[EventCountry "SUI"]
[SourceTitle "playchess.com"]
[Source "ChessBase"]
[SourceQuality "1"]
[TimeControl "40/5400+30:1800+30"]

1. d4 {[%emt 0:06:51]} Nf6 {[%emt 0:05:22]} 2. c4 {[%emt 0:00:13]} g6 {[%emt 0:00:23]} 3. Nc3 {[%emt 0:00:07]} d5 {[%emt 0:00:04]} 4. cxd5 {[%emt 0:00:43]} Nxd5 {[%emt 0:00:06]} 5. e4 {[%emt 0:00:04]} Nxc3 {[%emt 0:00:04]} 6. bxc3 {[%emt 0:00:04]} Bg7 {[%emt 0:00:05]} 7. Nf3 {[%emt 0:00:06]} c5 {[%emt 0:00:11]} 8. Be3 {[%emt 0:00:06]} Qa5 {[%emt 0:00:29]} 9. Qd2 {[%emt 0:00:06]} O-O {[%emt 0:01:30]} 10. Rc1 {[%emt 0:00:07]} Nd7 {[%emt 0:00:10]} 11. Bd3 {[%emt 0:04:21]} e5 {[%emt 0:04:40]} 12. d5 {[%emt 0:01:53]} b5 {[%emt 0:02:45]} 13. c4 {[%emt 0:03:26]} b4 {[%emt 0:00:37]} 14. h4 {[%emt 0:02:26]} h5 {[%emt 0:03:18]} 15. O-O {[%emt 0:14:12]} Qc7 {[%emt 0:07:32]} 16. Ng5 {[%emt 0:02:04]} a5 {[%emt 0:00:55]} 17. g3 {[%emt 0:02:02]} Nf6 {[%emt 0:07:05]} 18. f4 {[%emt 0:04:00]} Ng4 {[%emt 0:01:36]} 19. f5 {[%emt 0:01:46]} Bh6 {[%emt 0:04:59]} 20. Be2 {[%emt 0:24:54]} Nxe3 {[%emt 0:01:20]} 21. Qxe3 {[%emt 0:00:02]} f6 {[%emt 0:02:32]} 22. fxg6 {[%emt 0:00:32]} Bh3 {[%emt 0:09:53]} 23. Rfd1 {[%emt 0:01:12]} fxg5 {[%emt 0:12:41]} 24. hxg5 {[%emt 0:01:55]} Bg7 {[%emt 0:00:09]} 25. Bxh5 {[%emt 0:00:53]} Qc8 {[%emt 0:21:06]} 26. Qe2 {[%emt 0:03:48]} Ra6 {[%emt 0:01:02]} 27. Kh2 {[%emt 0:00:39]} Bd7 {[%emt 0:04:01]} 28. Rf1 {[%emt 0:00:22]} Qd8 {[%emt 0:01:30]} 29. Rf7 {[%emt 0:08:31]} Qxg5 {[%emt 0:01:16]} 30. Rcf1 {[%emt 0:01:04]} Rxf7 {[%emt 0:00:48]} 31. Rxf7 {[%emt 0:00:51]} Be8 {[%emt 0:00:10]} 32. Qf3 {[%emt 0:00:57]} Rf6 {[%emt 0:00:36]} 33. Rxf6 {[%emt 0:00:35]} Bxf6 {[%emt 0:00:14]} 34. d6 {[%emt 0:00:18]} Kg7 {[%emt 0:00:51]} 35. Qd1 {[%emt 0:00:35]} Bd7 {[%emt 0:01:54]} 36. Kg2 {[%emt 0:01:10]} Kh6 {[%emt 0:02:57]} 37. Be2 {[%emt 0:04:49]} Qe3 {[%emt 0:01:17]} 38. Kh2 {[%emt 0:03:41]} Qf2+ {[%emt 0:00:13]} 39. Kh1 {[%emt 0:00:07]} Qxg3 {[%emt 0:00:25]} 0-1

[Event "Biel Master Tournament 2019"]
[Site "Biel"]
[Date "2019.07.22"]
[Round "1.10"]
[White "Tabatabaei, M.amin"]
[Black "Manish Anto Cristiano F"]
[Result "1-0"]
[WhiteElo "2601"]
[BlackElo "2208"]
[Annotator "ChessBase"]
[PlyCount "57"]
[EventDate "2019.07.20"]
[EventType "swiss"]
[EventCountry "SUI"]
[SourceTitle "playchess.com"]
[Source "ChessBase"]
[SourceQuality "1"]
[TimeControl "40/5400+30:1800+30"]

1. g3 {[%emt 0:00:29]} d5 {[%emt 0:00:07]} 2. Nf3 {[%emt 0:00:20]} Nf6 {[%emt 0:00:16]} 3. Bg2 {[%emt 0:00:06]} c5 {[%emt 0:00:20]} 4. O-O {[%emt 0:00:21]} Nc6 {[%emt 0:00:21]} 5. d3 {[%emt 0:00:36]} e6 {[%emt 0:01:32]} 6. Nbd2 {[%emt 0:00:26]} Bd6 {[%emt 0:01:27]} 7. e4 {[%emt 0:00:31]} O-O {[%emt 0:01:33]} 8. Re1 {[%emt 0:01:18]} Bc7 {[%emt 0:01:27]} 9. c3 {[%emt 0:02:49]} e5 {[%emt 0:04:26]} 10. exd5 {[%emt 0:06:12]} Nxd5 {[%emt 0:06:52]} 11. Nc4 {[%emt 0:01:17]} Re8 {[%emt 0:02:47]} 12. Qb3 {[%emt 0:01:19]} h6 {[%emt 0:15:28]} 13. Qb5 {[%emt 0:20:43]} Nb6 {[%emt 0:06:07]} 14. Be3 {[%emt 0:07:09]} Qxd3 {[%emt 0:05:26]} 15. Na3 {[%emt 0:02:56]} Qh7 {[%emt 0:07:07]} 16. Qxc5 {[%emt 0:07:32]} a6 {[%emt 0:03:10]} 17. Nd2 {[%emt 0:00:52]} Na4 {[%emt 0:10:24]} 18. Qc4 {[%emt 0:01:51]} Nxb2 {[%emt 0:02:13]} 19. Qb3 {[%emt 0:00:45]} Nd3 {[%emt 0:01:37]} 20. Be4 {[%emt 0:00:33]} Bf5 {[%emt 0:02:12]} 21. Bxd3 {[%emt 0:00:14]} Bxd3 {[%emt 0:00:30]} 22. Qxb7 {[%emt 0:00:06]} Rac8 {[%emt 0:11:54]} 23. Qxc6 {[%emt 0:00:29]} Ba5 {[%emt 0:00:37]} 24. Qa4 {[%emt 0:07:07]} Bxc3 {[%emt 0:03:33]} 25. Rac1 {[%emt 0:00:06]} Red8 {[%emt 0:02:05]} 26. Nac4 {[%emt 0:00:51]} Bxd2 {[%emt 0:02:34]} 27. Nxd2 {[%emt 0:01:15]} Rxc1 {[%emt 0:01:26]} 28. Rxc1 {[%emt 0:00:03]} f5 {[%emt 0:01:47]} 29. Bb6 {[%emt 0:01:15]} 1-0